000 00532nam a2200229Ia 4500
003 OSt
005 20220916111037.0
006 a|||||r|||| 00| 0
007 ta
008 220915b |||||||| |||| 00| 0 eng d
024 _a128050
037 _cTextbook
040 _beng
_aARTS
_cARTS
041 _aeng
082 _aV688:1:N3, G2
100 _aThomas H B
245 0 _aStory of Uganda
260 _c1932
650 _aHISTORY
942 _hV688:1:N3, G2
_cTB
_2CC
999 _c104336
_d104336